LIBRARY & INFORMATION CENTRE, KCAET, TAVANUR

ONLINE PUBLIC ACCESS CATALOGUE (OPAC)

Domestic marketing of coconut products in india / (Record no. 2799)

MARC details
000 -LEADER
fixed length control field 00443cam a2200169ua 4500
041 ## - LANGUAGE CODE
Language code of text/sound track or separate title eng
082 ## - DEWEY DECIMAL CLASSIFICATION NUMBER
Classification number 634.610 688
Item number MAR/DO
100 ## - MAIN ENTRY--AUTHOR NAME
Personal name Markose, VT .
245 ## - TITLE STATEMENT
Title Domestic marketing of coconut products in india /
260 ## - PUBLICATION, DISTRIBUTION, ETC. (IMPRINT)
Place of publication :
Name of publisher Asain and pacific coconut company ,
Year of publication 1993.
300 ## - PHYSICAL DESCRIPTION
Number of Pages 43 ; .
942 ## - ADDED ENTRY ELEMENTS (KOHA)
Koha item type Books
Holdings
Withdrawn status Lost status Damaged status Home library Current library Date acquired Full call number Accession Number Koha item type
      KAUAET KAUAET 07/04/2012 634.610 688 19811 Books
free website counter